[Event "26. ekipno prvenstvo hrvatske u sahu - "]
[Site "Bjelovar, Krapina, Djurdjevac"]
[Date "2017.04.09"]
[Round "5.56"]
[White "Fadljevic, Ivan"]
[Black "Blagojevic, Marijan"]
[Result "0-1"]
[WhiteElo "1990"]
[BlackElo "2119"]
[PlyCount "120"]
[EventDate "2016.03.26"]

1. Nf3 g6 2. c4 Bg7 3. d4 d6 4. e4 Nf6 5. Nc3 O-O 6. h3 c6 7. Bg5 Nbd7 8. Qd2
a6 9. e5 Ne8 10. Bh6 dxe5 11. dxe5 Qa5 12. Bxg7 Nxg7 13. Qe3 b5 14. Nd4 Bb7 15.
Nb3 Qc7 16. f4 Nf5 17. Qf2 f6 18. e6 Nb6 19. c5 Na4 20. O-O-O Nxc3 21. bxc3
Rad8 22. Bd3 Ng7 23. Rhe1 Bc8 24. f5 gxf5 25. Bxf5 Rxd1+ 26. Kxd1 Rd8+ 27. Kc2
Nxf5 28. Qxf5 Qg3 29. Re2 Rd5 30. Qf3 Qxf3 31. gxf3 Kg7 32. f4 f5 33. Nd4 Kf6
34. a3 Rxc5 35. h4 Rd5 36. Nxc6 Bxe6 37. h5 Rd6 38. Nd4 Bd5 39. Re3 Be4+ 40.
Kb3 e5 41. fxe5+ Kxe5 42. Kb4 Kf4 43. Re1 Kg5 44. h6 Rxh6 45. a4 bxa4 46. Rg1+
Kf4 47. Rg7 Ke3 48. Re7 Kd3 49. Ne6 Rh4 50. Nc5+ Kd2 51. Rd7+ Ke3 52. Rd4 Rh1
53. Kxa4 Ra1+ 54. Kb3 h5 55. Kb2 Rb1+ 56. Ka2 Rb5 57. Na4 h4 58. Rd6 h3 59. Rh6
Bd5+ 60. Ka1 Ra5 0-1

[Event "26. ekipno prvenstvo hrvatske u sahu - "]
[Site "Bjelovar, Krapina, Djurdjevac"]
[Date "2017.04.09"]
[Round "5.61"]
[White "Dugandzic, Boris"]
[Black "Makaj, Marko"]
[Result "0-1"]
[WhiteElo "2258"]
[BlackElo "2332"]
[PlyCount "142"]
[EventDate "2016.03.26"]

1. d4 Nf6 2. c4 g6 3. Nc3 Bg7 4. e4 d6 5. Nf3 O-O 6. h3 e5 7. d5 Na6 8. Bd3 Nc5
9. Bc2 a5 10. a3 c6 11. Bg5 h6 12. Be3 cxd5 13. cxd5 Nh5 14. Qd2 Nf4 15. Rh2 g5
16. O-O-O b5 17. Nxb5 Qb6 18. a4 Bd7 19. g3 Ng6 20. Bxc5 Qxc5 21. Qc3 Qb6 22.
Qc7 Qxc7 23. Nxc7 Rab8 24. Rd3 Rb4 25. Nd2 Bxa4 26. Bxa4 Rxa4 27. Nb5 Rd8 28.
Rc3 Rb4 29. Na7 Rd7 30. Nc6 Ra4 31. Ra3 Rxa3 32. bxa3 a4 33. Nc4 Rb7 34. N6a5
Rb5 35. f3 h5 36. Rb2 Rc5 37. Rc2 h4 38. gxh4 gxh4 39. Nb7 Bh6+ 40. Kd1 Rb5 41.
Nbxd6 Rb1+ 42. Ke2 Nf4+ 43. Kf2 Rh1 44. Rb2 Rxh3 45. Rb8+ Kh7 46. Nxf7 Rh2+ 47.
Kg1 Rg2+ 48. Kh1 Bg7 49. Rb2 Rg3 50. d6 Bf6 51. d7 Rxf3 52. d8=Q Bxd8 53. Nxd8
Rc3 54. Nxe5 Rxa3 55. Ndf7 Ra1+ 56. Kh2 a3 57. Ng5+ Kh6 58. Ngf7+ Kg7 59. Rf2
Re1 60. Nd6 Re2 61. Nf5+ Kf6 62. Nd7+ Kg5 63. Rxe2 Nxe2 64. Nc5 Kf4 65. Nb3
Kxe4 66. Nd6+ Kd5 67. Nb5 a2 68. Na3 Nd4 69. Na1 Kc5 70. N3c2 Nxc2 71. Nxc2 Kc4
0-1

[Event "26. ekipno prvenstvo hrvatske u sahu - "]
[Site "Bjelovar, Krapina, Djurdjevac"]
[Date "2017.04.09"]
[Round "5.62"]
[White "Pavic, Filip"]
[Black "Starcevic, Kresimir"]
[Result "0-1"]
[WhiteElo "2273"]
[BlackElo "2145"]
[PlyCount "50"]
[EventDate "2016.03.26"]

1. e4 e6 2. d4 d5 3. Nc3 Bb4 4. e5 c5 5. a3 Bxc3+ 6. bxc3 Ne7 7. Qg4 Qc7 8. Bd3
cxd4 9. Ne2 dxc3 10. Qxg7 Rg8 11. Qxh7 Qxe5 12. Bf4 Qf6 13. h4 Rxg2 14. Bg3
Nbc6 15. Kf1 Qf3 16. h5 Rxf2+ 17. Bxf2 Qxh1+ 18. Ng1 e5 19. Qh8+ Kd7 20. h6 Kc7
21. Qg7 Bh3+ 22. Ke2 Rg8 23. Nf3 Qxa1 24. Qxg8 Nxg8 25. h7 Bf1+ 0-1

[Event "26. ekipno prvenstvo hrvatske u sahu - "]
[Site "Bjelovar, Krapina, Djurdjevac"]
[Date "2017.04.09"]
[Round "5.63"]
[White "Cvitkovic, Filip"]
[Black "Jukic, Zeljko"]
[Result "1-0"]
[WhiteElo "2081"]
[BlackElo "2257"]
[PlyCount "61"]
[EventDate "2016.03.26"]

1. d4 e6 2. c4 d5 3. Nc3 Nf6 4. cxd5 exd5 5. Bg5 Nbd7 6. e3 Bb4 7. Bd3 O-O 8.
Nge2 h6 9. Bh4 c6 10. O-O Re8 11. Qb3 Bf8 12. Rae1 Nb6 13. a4 Nbd7 14. Nc1 Qb6
15. Qc2 Bb4 16. Nb3 g5 17. Bg3 Nh5 18. e4 Nxg3 19. fxg3 dxe4 20. Qf2 f6 21.
Rxe4 Rxe4 22. Nxe4 Be7 23. Nbc5 Qd8 24. Ne6 Qa5 25. h4 Qd5 26. Nc7 Qb3 27. Bc2
Qb6 28. Nxa8 Qd8 29. hxg5 hxg5 30. Nxg5 c5 31. Bh7+ 1-0

[Event "26. ekipno prvenstvo hrvatske u sahu - "]
[Site "Bjelovar, Krapina, Djurdjevac"]
[Date "2017.04.09"]
[Round "5.64"]
[White "Nemec, Vjekoslav"]
[Black "Brajdic, Danko"]
[Result "1/2-1/2"]
[WhiteElo "2176"]
[BlackElo "2121"]
[PlyCount "118"]
[EventDate "2016.03.26"]

1. e4 g6 2. d4 Bg7 3. Nc3 d5 4. exd5 Nf6 5. Bc4 Nbd7 6. Qf3 Nb6 7. Bb3 Bg4 8.
Qg3 O-O 9. Nge2 a5 10. a4 Bxe2 11. Nxe2 Nbxd5 12. O-O c6 13. Qf3 Qd7 14. Bd2
Qg4 15. Qxg4 Nxg4 16. Rfd1 Ngf6 17. f3 Rfe8 18. c4 Nb4 19. Bc3 e6 20. Nf4 b6
21. Nd3 Nxd3 22. Rxd3 Nd7 23. Bc2 e5 24. d5 c5 25. Re1 f5 26. Rde3 Kf7 27. g4
fxg4 28. fxg4 Ke7 29. Rh3 Rh8 30. Rf1 Raf8 31. Rxf8 Nxf8 32. g5 Kd6 33. Rf3 Ke7
34. Kf2 Nd7 35. Rh3 Rf8+ 36. Ke2 Rf4 37. Rxh7 Kf7 38. Rh3 Nf8 39. Rf3 Rxf3 40.
Kxf3 Ke7 41. Ke4 Kd6 42. Bd1 Bh8 43. h4 Bg7 44. Bg4 Bh8 45. h5 gxh5 46. Bxh5
Bg7 47. Kf5 Bh8 48. b3 Bg7 49. Bd2 Bh8 50. Be1 Bg7 51. g6 Nd7 52. Bh4 Bh8 53.
Bd8 Bg7 54. Bg5 e4 55. Kxe4 Nf6+ 56. Bxf6 Bxf6 57. g7 Bxg7 58. Kf5 Bc3 59. Kg6
Ke7 1/2-1/2

[Event "26. ekipno prvenstvo hrvatske u sahu - "]
[Site "Bjelovar, Krapina, Djurdjevac"]
[Date "2017.04.09"]
[Round "5.65"]
[White "Pavcevic, Bruno"]
[Black "Pavic, Jakov"]
[Result "0-1"]
[WhiteElo "2063"]
[BlackElo "2119"]
[PlyCount "114"]
[EventDate "2016.03.26"]

1. c4 c5 2. Nc3 Nc6 3. g3 g6 4. Bg2 Bg7 5. Nf3 Nf6 6. O-O O-O 7. a3 d5 8. cxd5
Nxd5 9. Qc2 Nxc3 10. dxc3 Qc7 11. Rb1 Na5 12. c4 Rb8 13. Bd2 Nc6 14. b4 b6 15.
bxc5 bxc5 16. Rxb8 Qxb8 17. Bc3 Bf5 18. Qc1 Rd8 19. Bxg7 Kxg7 20. Qc3+ Kg8 21.
Re1 Qd6 22. Ng5 Qe5 23. Qc1 Nd4 24. e4 Bc8 25. f4 Qc7 26. e5 h6 27. Ne4 Bb7 28.
Qb1 Bxe4 29. Bxe4 Rb8 30. Qa2 Qa5 31. Re3 Rb3 32. Rxb3 Nxb3 33. Qe2 Qxa3 34.
Qd3 Qc1+ 35. Kf2 Qd2+ 36. Qxd2 Nxd2 37. Bd3 Nb3 38. Ke3 e6 39. h4 h5 40. Bc2
Nd4 41. Ba4 Kf8 42. Bd7 Ke7 43. Ba4 Kd8 44. Bd1 Kc7 45. Ba4 Nc6 46. Bb5 Kb6 47.
Ke4 a6 48. Ba4 Nd8 49. Be8 Ka5 50. Kd3 Kb4 51. Bd7 Kb3 52. Be8 a5 53. g4 hxg4
54. f5 exf5 55. e6 Nxe6 56. Bxf7 Nf4+ 57. Ke3 Ng2+ 0-1

[Event "26. ekipno prvenstvo hrvatske u sahu - "]
[Site "Bjelovar, Krapina, Djurdjevac"]
[Date "2017.04.09"]
[Round "5.66"]
[White "Kos, Bruno"]
[Black "Takac, Zvonko"]
[Result "1-0"]
[WhiteElo "1940"]
[BlackElo "1983"]
[PlyCount "103"]
[EventDate "2016.03.26"]

1. d4 Nf6 2. Nf3 g6 3. c4 Bg7 4. Nc3 O-O 5. e4 d6 6. Be2 e5 7. O-O Nc6 8. d5
Ne7 9. b4 a5 10. Ba3 axb4 11. Bxb4 b6 12. a4 Nd7 13. a5 f5 14. Nd2 Nc5 15. axb6
Rxa1 16. Qxa1 cxb6 17. Bxc5 bxc5 18. Qa7 Bh6 19. Rd1 Rf7 20. Qb8 Rf8 21. Nb5
Ba6 22. Qxd6 Qxd6 23. Nxd6 Rd8 24. Nb5 Bxd2 25. Rxd2 fxe4 26. Nc7 Bc8 27. Ra2
Bd7 28. Ra7 Rb8 29. Ra8 Rxa8 30. Nxa8 Kf7 31. Nc7 Bc8 32. g4 g5 33. Nb5 Ke8 34.
Nd6+ Kd7 35. Nxe4 h6 36. Nxc5+ Kd6 37. Ne4+ Kd7 38. Bd3 Ng8 39. f3 Kc7 40. Kf2
Bb7 41. Kg3 Kd8 42. h4 gxh4+ 43. Kxh4 Ke7 44. Kh5 Bc8 45. c5 Bd7 46. Kg6 Be8+
47. Kg7 Bf7 48. d6+ Ke8 49. d7+ Kxd7 50. Kxf7 Ne7 51. c6+ Nxc6 52. Bb5 1-0

[Event "26. ekipno prvenstvo hrvatske u sahu - "]
[Site "Bjelovar, Krapina, Djurdjevac"]
[Date "2017.04.09"]
[Round "6.13"]
[White "Ilic, Ognjen"]
[Black "Jukic, Zeljko"]
[Result "1/2-1/2"]
[WhiteElo "2108"]
[BlackElo "2257"]
[PlyCount "61"]
[EventDate "2016.03.26"]

1. d4 e6 2. Nf3 d5 3. c3 c5 4. e3 Nf6 5. Bd3 Nc6 6. Nbd2 Be7 7. O-O O-O 8. dxc5
Bxc5 9. e4 Qc7 10. h3 h6 11. exd5 exd5 12. Nb3 Bb6 13. Bc2 Re8 14. Qd3 Be6 15.
Nbd4 Rad8 16. Be3 Bxd4 17. Bxd4 Nxd4 18. Nxd4 Bd7 19. Rad1 Qb6 20. Rb1 Re5 21.
Rfd1 Rde8 22. Qf3 g6 23. Bb3 g5 24. Bc2 Qc7 25. Bd3 Ba4 26. b3 Bd7 27. Rbc1 Qb6
28. Kf1 R5e7 29. Bf5 Bb5+ 30. Bd3 Bd7 31. Bf5 1/2-1/2

[Event "26. ekipno prvenstvo hrvatske u sahu - "]
[Site "Bjelovar, Krapina, Djurdjevac"]
[Date "2017.04.09"]
[Round "6.14"]
[White "Nemec, Vjekoslav"]
[Black "Margitic, Zdravko"]
[Result "0-1"]
[WhiteElo "2176"]
[BlackElo "2082"]
[PlyCount "76"]
[EventDate "2016.03.26"]

1. e4 e5 2. Nf3 Nc6 3. d4 exd4 4. Nxd4 Bc5 5. Be3 Bb6 6. Nc3 Nge7 7. Bc4 O-O 8.
O-O d6 9. Re1 Ng6 10. Nd5 Nce5 11. Nxb6 axb6 12. Be2 d5 13. exd5 Qxd5 14. Nb5
Qc6 15. Nd4 Qf6 16. Nb5 Rd8 17. Qc1 Qc6 18. a4 Nh4 19. f3 Qg6 20. Bg5 Bh3 21.
Qf4 Nxg2 22. Qxe5 Nxe1 23. Rxe1 f6 24. Bc4+ Kh8 25. Qg3 Qxg5 26. Qxg5 fxg5 27.
Bd3 c6 28. Nc3 Re8 29. Ra1 b5 30. a5 Rf8 31. Ne4 h6 32. Nd6 Rab8 33. Be2 Be6
34. Kg2 Bd5 35. Rd1 g4 36. Rxd5 cxd5 37. Nxb5 Rbe8 38. Nd4 Rf4 0-1

[Event "26. ekipno prvenstvo hrvatske u sahu - "]
[Site "Bjelovar, Krapina, Djurdjevac"]
[Date "2017.04.09"]
[Round "6.15"]
[White "Kovacic, Damir"]
[Black "Pavic, Jakov"]
[Result "0-1"]
[WhiteElo "2032"]
[BlackElo "2119"]
[PlyCount "55"]
[EventDate "2016.03.26"]

1. e4 e6 2. d4 d5 3. e5 c5 4. c3 Qb6 5. Nf3 Nc6 6. Be2 Nh6 7. b3 Nf5 8. dxc5
Bxc5 9. O-O Qc7 10. Re1 Qb6 11. Rf1 Qd8 12. Bd3 Nh4 13. Nbd2 Ng6 14. b4 Bb6 15.
Re1 Qc7 16. Nf1 Bd7 17. Qe2 a6 18. h4 Na7 19. a4 Qxc3 20. Bd2 Qc8 21. h5 Ne7
22. Rec1 Qd8 23. h6 g6 24. Bg5 Nac6 25. N1h2 Nd4 26. Nxd4 Bxd4 27. Bf6 O-O 28.
Ra2 0-1

[Event "26. ekipno prvenstvo hrvatske u sahu - "]
[Site "Bjelovar, Krapina, Djurdjevac"]
[Date "2017.04.09"]
[Round "6.31"]
[White "Czebe, Attila"]
[Black "Petrusic, Toni"]
[Result "1-0"]
[WhiteElo "2484"]
[BlackElo "2289"]
[PlyCount "85"]
[EventDate "2016.03.26"]

1. Nf3 d5 2. d4 e6 3. c4 Nf6 4. Bg5 Be7 5. e3 O-O 6. Nbd2 b6 7. Bd3 Nbd7 8. O-O
h6 9. Bh4 Bb7 10. cxd5 exd5 11. Rc1 c5 12. Qc2 Rc8 13. Qb1 Re8 14. dxc5 bxc5
15. Rfd1 Qb6 16. Bf5 Rcd8 17. Nb3 c4 18. Nbd4 Nc5 19. b3 Nfe4 20. Bxe7 Rxe7 21.
Bxe4 Nxe4 22. Nd2 cxb3 23. Qxb3 Qf6 24. Nxe4 dxe4 25. Rc5 Red7 26. Rdc1 Qa6 27.
h3 Bd5 28. Qc3 Qg6 29. Qa5 Be6 30. Rc6 Rd5 31. Qc7 R8d7 32. Qf4 Kh7 33. Kh2 Rg5
34. g4 h5 35. Rg1 Rxd4 36. exd4 hxg4 37. Rxg4 Rxg4 38. hxg4 e3 39. fxe3 Qd3 40.
Rc5 Qe2+ 41. Kg3 Qe1+ 42. Qf2 Qd1 43. Qc2+ 1-0

[Event "26. ekipno prvenstvo hrvatske u sahu - "]
[Site "Bjelovar, Krapina, Djurdjevac"]
[Date "2017.04.09"]
[Round "6.32"]
[White "Cop, Tomislav"]
[Black "Sindik, Ervin"]
[Result "1-0"]
[WhiteElo "2281"]
[BlackElo "2334"]
[PlyCount "143"]
[EventDate "2016.03.26"]

1. e4 c5 2. Nf3 d6 3. d4 cxd4 4. Qxd4 a6 5. Be3 Nc6 6. Qd2 Nf6 7. Nc3 g6 8.
O-O-O Bg7 9. Nd5 Nxd5 10. exd5 Ne5 11. Nxe5 Bxe5 12. Bd4 Bf5 13. f4 Bxd4 14.
Qxd4 O-O 15. Bd3 Bxd3 16. Rxd3 Rc8 17. h4 Qa5 18. Kb1 Qc5 19. Qxc5 Rxc5 20. Re1
Re8 21. Re4 f5 22. Rb4 b5 23. a4 Rec8 24. c3 Kf7 25. g3 Ke8 26. Rdd4 Kd7 27.
Kc2 Kc7 28. Rd1 Kb6 29. Rbd4 Rc4 30. axb5 axb5 31. Kd3 R4c7 32. Re1 Ra8 33. Kc2
h5 34. Re6 Rg8 35. Rd3 b4 36. Kd2 bxc3+ 37. Rxc3 Rxc3 38. bxc3 Kc5 39. Kd3 Kxd5
40. Rxe7 Rf8 41. c4+ Kc5 42. Rc7+ Kb6 43. Rg7 Rf6 44. Kd4 Kc6 45. Re7 Rf8 46.
Re6 Ra8 47. Rxg6 Ra1 48. Rg5 Rd1+ 49. Ke3 Kc5 50. Rxh5 Kxc4 51. Rxf5 Rd3+ 52.
Kf2 Kd4 53. Rf6 Ke4 54. Re6+ Kf5 55. Re3 Rd2+ 56. Kf3 Rd1 57. g4+ Kf6 58. h5
Rf1+ 59. Kg3 Rg1+ 60. Kh3 Rf1 61. Re4 Rf3+ 62. Kh4 Rf1 63. f5 Rh1+ 64. Kg3 d5
65. Re6+ Kf7 66. Kf4 d4 67. Rd6 Rd1 68. h6 d3 69. Kg5 d2 70. h7 Kg7 71. Rd7+
Kh8 72. Kg6 1-0

[Event "26. ekipno prvenstvo hrvatske u sahu - "]
[Site "Bjelovar, Krapina, Djurdjevac"]
[Date "2017.04.09"]
[Round "6.33"]
[White "Orak, Ljubomir"]
[Black "Machata, Martin"]
[Result "1/2-1/2"]
[WhiteElo "2273"]
[BlackElo "2266"]
[PlyCount "66"]
[EventDate "2016.03.26"]

1. e4 d5 2. exd5 Nf6 3. Nf3 Nxd5 4. d4 g6 5. c4 Nb6 6. Nc3 Bg7 7. Be2 O-O 8.
O-O Bg4 9. c5 Nd5 10. Qb3 Nxc3 11. bxc3 b6 12. cxb6 cxb6 13. Be3 Nc6 14. h3 Be6
15. c4 Rc8 16. Rac1 Na5 17. Qb4 Nc6 18. Qd2 Na5 19. d5 Bf5 20. c5 Be4 21. cxb6
Rxc1 22. Rxc1 axb6 23. Qb4 Qxd5 24. Bxb6 Nc6 25. Qc4 Rb8 26. Be3 Ra8 27. Rd1
Qxc4 28. Bxc4 e6 29. Ng5 Bc2 30. Rd2 Bb1 31. f4 h6 32. Nf3 Nb4 33. Ne5 Bxa2
1/2-1/2

[Event "26. ekipno prvenstvo hrvatske u sahu - "]
[Site "Bjelovar, Krapina, Djurdjevac"]
[Date "2017.04.09"]
[Round "6.34"]
[White "Mihalincic, Tomislav"]
[Black "Segovic, Goran"]
[Result "1/2-1/2"]
[WhiteElo "2246"]
[BlackElo "2255"]
[PlyCount "197"]
[EventDate "2016.03.26"]

1. e4 e5 2. Nf3 Nc6 3. Bc4 Nf6 4. Qe2 Be7 5. c3 O-O 6. O-O d6 7. d3 Na5 8. Nbd2
c6 9. Bb3 Nxb3 10. axb3 Qc7 11. d4 Re8 12. h3 Bf8 13. Re1 h6 14. Qd3 b6 15.
dxe5 dxe5 16. Nf1 a5 17. Ne3 g6 18. Nh2 Ba6 19. c4 Rad8 20. Qc2 Bb4 21. Rf1 h5
22. Nf3 Rd7 23. Nd1 Bb7 24. Bg5 Nh7 25. Bd2 Bxd2 26. Nxd2 Ng5 27. Nc3 Red8 28.
Ndb1 Ne6 29. Ne2 Rd3 30. Nec3 Nf4 31. Rd1 Qe7 32. Rxd3 Nxd3 33. Na3 Bc8 34. Rd1
Nf4 35. Rxd8+ Qxd8 36. Ne2 Ne6 37. Nb1 Qf6 38. Qd2 Ng5 39. Qe3 Qd8 40. Nbc3 Ne6
41. f4 exf4 42. Nxf4 Qg5 43. Nce2 Nc5 44. Nd4 Bd7 45. Nf3 Qe7 46. e5 Bf5 47.
Qd4 Be4 48. Nd2 Bc2 49. Nf3 Nd7 50. Kh2 Bf5 51. Kh1 Nc5 52. Qe3 Qd7 53. Nd4 Be4
54. Nfe2 Qe7 55. Qf4 Nd3 56. Qf6 Qxe5 57. Qxe5 Nxe5 58. Nc3 c5 59. Nde2 Bc2 60.
Nc1 Kf8 61. Nd5 Nd7 62. Kg1 Be4 63. Nc3 Bc6 64. Kf2 Ke7 65. Nd3 Ke6 66. g3 g5
67. Ke3 Kf5 68. Ne2 f6 69. Nf2 Ne5 70. Nc3 Ke6 71. Ncd1 Bg2 72. Nc3 f5 73. Na4
Nd7 74. Nc3 Bc6 75. Nd3 Ne5 76. Nf2 Ng6 77. Ne2 h4 78. gxh4 Nxh4 79. Nc3 Ng2+
80. Kd2 Nf4 81. Ke3 Ke5 82. Nb1 Ng2+ 83. Ke2 Kd4 84. Nc3 f4 85. Kd2 f3 86. Ncd1
Nf4 87. Ne3 Bb7 88. Nf5+ Ke5 89. Ng3 Ng2 90. Nd3+ Ke6 91. Nf2 Bc6 92. Nd3 Be8
93. Ne4 Kd7 94. Nxg5 Bh5 95. Ne5+ Kd6 96. Nexf3 Nf4 97. h4 Bg6 98. Ke3 Ng2+ 99.
Kf2 1/2-1/2

[Event "26. ekipno prvenstvo hrvatske u sahu - "]
[Site "Bjelovar, Krapina, Djurdjevac"]
[Date "2017.04.09"]
[Round "6.36"]
[White "Blagojevic, Marijan"]
[Black "Lovrencic, Vladimir"]
[Result "1-0"]
[WhiteElo "2119"]
[BlackElo "2137"]
[PlyCount "86"]
[EventDate "2016.03.26"]

1. d4 Nf6 2. c4 e6 3. Nc3 d5 4. Nf3 Nbd7 5. cxd5 exd5 6. Bf4 c6 7. Qc2 Bb4 8.
a3 Bxc3+ 9. Qxc3 Ne4 10. Qc2 O-O 11. e3 g5 12. Bg3 h5 13. Nd2 Nxd2 14. Qxd2 f5
15. h4 g4 16. Bd3 Nf6 17. f3 Be6 18. O-O-O Rc8 19. Kb1 c5 20. dxc5 Rxc5 21. Be5
Rc8 22. Bc2 Nd7 23. Bd4 Kh7 24. Bc3 Qb6 25. Bd4 Qd8 26. Qb4 Nb6 27. Bb3 Rf7 28.
e4 fxe4 29. fxe4 Qc7 30. Rc1 Qf4 31. Rxc8 Nxc8 32. exd5 Bf5+ 33. Ka2 a5 34. Qc5
b6 35. Qc3 Rc7 36. Be5 Rxc3 37. Bxf4 Rc5 38. Re1 a4 39. Bxa4 Rxd5 40. Bb3 Rd8
41. Re5 Kg6 42. Rb5 Re8 43. Bf7+ Kxf7 1-0

[Event "26. ekipno prvenstvo hrvatske u sahu - "]
[Site "Bjelovar, Krapina, Djurdjevac"]
[Date "2017.04.09"]
[Round "6.41"]
[White "Muha, Miljenko"]
[Black "Skuhala, Jernej"]
[Result "1-0"]
[WhiteElo "2261"]
[BlackElo "2331"]
[PlyCount "53"]
[EventDate "2016.03.26"]

1. d4 Nf6 2. c4 e6 3. Nc3 Bb4 4. e3 d5 5. a3 Be7 6. Nf3 O-O 7. b4 a5 8. b5 b6
9. Bd3 Bb7 10. O-O Nbd7 11. Bb2 Rc8 12. cxd5 exd5 13. Ne5 Bd6 14. f4 Nb8 15.
Rf3 Ne4 16. Rh3 g6 17. Nxe4 dxe4 18. Bc4 Bxe5 19. dxe5 Qe7 20. e6 f6 21. a4 c5
22. f5 g5 23. Rh6 Rcd8 24. Qh5 Rd2 25. Bxf6 Rxf6 26. Qxg5+ Qg7 27. e7+ 1-0

[Event "26. ekipno prvenstvo hrvatske u sahu - "]
[Site "Bjelovar, Krapina, Djurdjevac"]
[Date "2017.04.09"]
[Round "6.42"]
[White "Novak, Ivan"]
[Black "Medic, Mirjana"]
[Result "1-0"]
[WhiteElo "2223"]
[BlackElo "2149"]
[PlyCount "61"]
[EventDate "2016.03.26"]

1. d4 e6 2. Nf3 d5 3. c4 c6 4. Qc2 Nf6 5. g3 Nbd7 6. Bg2 Ne4 7. O-O Bd6 8. Nfd2
Nxd2 9. Nxd2 O-O 10. e4 dxe4 11. Nxe4 Be7 12. Rd1 Nf6 13. Bf4 h6 14. Rac1 Nxe4
15. Qxe4 Bf6 16. Bf1 Re8 17. Bd3 g6 18. Bb1 h5 19. Be5 Qe7 20. c5 Bg7 21. Bd6
Qf6 22. Rc3 Qg5 23. f4 Qg4 24. Rd2 Qh3 25. Qe1 e5 26. dxe5 Be6 27. Be4 Qg4 28.
h3 Qxh3 29. Rh2 Qg4 30. Rh4 f5 31. Bf3 1-0

[Event "26. ekipno prvenstvo hrvatske u sahu - "]
[Site "Bjelovar, Krapina, Djurdjevac"]
[Date "2017.04.09"]
[Round "6.43"]
[White "Frouth, Nenad"]
[Black "Makovec, Bruno"]
[Result "0-1"]
[WhiteElo "2140"]
[BlackElo "2248"]
[Annotator ",slavko"]
[PlyCount "85"]
[EventDate "2016.03.26"]

1. Nf3 c5 2. g3 Nc6 3. d4 cxd4 4. Nxd4 Qb6 5. Nb3 g6 6. Bg2 Bg7 7. O-O Nf6 8.
c4 d6 9. Nc3 O-O 10. h3 Be6 11. Nd5 Qd8 12. e4 Nd7 13. Qe2 Nc5 14. Be3 Nxb3 15.
axb3 b6 16. Rfd1 Rc8 17. Kh2 Na5 18. Ra3 Bd7 19. Bd4 Bxd4 20. Rxd4 Nc6 21. Rd1
a5 22. Raa1 e5 23. Qe3 Rb8 24. Nc3 Nd4 25. Ne2 Nc2 26. Qd3 Nxa1 27. Rxa1 Bc6
28. Rd1 Qc7 29. Qxd6 Qxd6 30. Rxd6 Rbc8 31. Rd2 Rfd8 32. Rc2 Rd3 33. Nc3 Rcd8
34. Nd5 Rd1 35. Ne3 R1d2 36. Rc1 Rxf2 37. Nd5 Bxd5 38. exd5 Rxb2 39. Rc3 b5 40.
h4 a4 41. bxa4 bxa4 42. Kh3 Rb1 {73 move necitko} 43. Re3 0-1

[Event "26. ekipno prvenstvo hrvatske u sahu - "]
[Site "Bjelovar, Krapina, Djurdjevac"]
[Date "2017.04.09"]
[Round "6.44"]
[White "Havas, Janko"]
[Black "Purgar, Ivona"]
[Result "1/2-1/2"]
[WhiteElo "2169"]
[BlackElo "2156"]
[PlyCount "49"]
[EventDate "2016.03.26"]

1. d4 Nf6 2. Bg5 e6 3. Nc3 h6 4. Bxf6 Qxf6 5. e4 Bb4 6. Qd3 d6 7. Nf3 Nd7 8.
Be2 O-O 9. O-O Ba5 10. Rae1 Rd8 11. Qc4 c6 12. b4 Bb6 13. Na4 d5 14. Qd3 e5 15.
exd5 exd4 16. dxc6 bxc6 17. Qe4 Nf8 18. Bd3 Qd6 19. a3 Be6 20. Qe5 Qxe5 21.
Nxe5 Bd5 22. Ba6 Rab8 23. c4 dxc3 24. Nxc3 Rd6 25. Na4 1/2-1/2

[Event "26. ekipno prvenstvo hrvatske u sahu - "]
[Site "Bjelovar, Krapina, Djurdjevac"]
[Date "2017.04.09"]
[Round "6.45"]
[White "Frank, Vladimir"]
[Black "Havas, Juraj"]
[Result "1-0"]
[WhiteElo "2051"]
[BlackElo "2078"]
[PlyCount "65"]
[EventDate "2016.03.26"]

1. Nf3 Nf6 2. c4 g6 3. d4 Bg7 4. Nc3 d6 5. e4 O-O 6. Be2 e5 7. d5 Na6 8. Bg5 h6
9. Bh4 Bd7 10. Nd2 c5 11. a3 Qe8 12. g4 Nh7 13. Bg3 f5 14. gxf5 gxf5 15. exf5
Bxf5 16. Bg4 Bg6 17. Nde4 Qe7 18. Be6+ Kh8 19. Qg4 Be8 20. Bh4 Qc7 21. Rg1 Rf4
22. Qh3 Nb4 23. O-O-O Na2+ 24. Kb1 Nxc3+ 25. Nxc3 Bh5 26. Rd3 Nf8 27. Rdg3 Nxe6
28. dxe6 Rg8 29. Nd5 Qc6 30. Bf6 Rxf6 31. Nxf6 Bxf6 32. Rxg8+ Kh7 33. Qf5+ 1-0

[Event "26. ekipno prvenstvo hrvatske u sahu - "]
[Site "Bjelovar, Krapina, Djurdjevac"]
[Date "2017.04.09"]
[Round "6.46"]
[White "Toplak, Juraj"]
[Black "Maslac, Zvonimir"]
[Result "1/2-1/2"]
[WhiteElo "2004"]
[BlackElo "2053"]
[PlyCount "63"]
[EventDate "2016.03.26"]

1. e4 e5 2. Nf3 d6 3. Nc3 c6 4. d4 Nd7 5. a4 Be7 6. Bc4 Ngf6 7. O-O O-O 8. h3
h6 9. Qe2 Qc7 10. Rd1 Re8 11. dxe5 dxe5 12. Nh4 Nf8 13. Nf5 Be6 14. Be3 Qc8 15.
Bd3 Ng6 16. g3 Bf8 17. Qf3 Bxf5 18. exf5 Ne7 19. Ne4 Ned5 20. c4 Nxe4 21. Bxe4
Nxe3 22. Qxe3 Qc7 23. Rd3 Rad8 24. Rad1 Rd4 25. Rxd4 exd4 26. Qxd4 Re5 27. Bd3
Bc5 28. Qf4 f6 29. Kg2 Qe7 30. Rd2 a5 31. Qg4 Qe8 32. Qf4 1/2-1/2

[Event "26. ekipno prvenstvo hrvatske u sahu - "]
[Site "Bjelovar, Krapina, Djurdjevac"]
[Date "2017.04.09"]
[Round "6.51"]
[White "Slogar, Dubravko"]
[Black "Pandurevic, Miro"]
[Result "1/2-1/2"]
[WhiteElo "2275"]
[BlackElo "2263"]
[PlyCount "99"]
[EventDate "2016.03.26"]

1. Nf3 c5 2. c3 Nf6 3. d4 e6 4. g3 b6 5. Bg2 Bb7 6. O-O Be7 7. Re1 O-O 8. Nbd2
cxd4 9. Nxd4 Bxg2 10. Kxg2 Nc6 11. N2f3 Nxd4 12. Nxd4 Qc7 13. Bg5 d5 14. Bxf6
Bxf6 15. Qa4 a6 16. Rad1 Rfc8 17. Nf3 b5 18. Qb3 Qc6 19. Nd4 Qb7 20. Kg1 Rab8
21. a3 h6 22. e3 a5 23. Rc1 Rc4 24. Ne2 Qc7 25. Qd1 Rc6 26. Qd3 Qb6 27. e4 Rd8
28. Nf4 Bg5 29. Rcd1 dxe4 30. Qxe4 Rxd1 31. Rxd1 Rc4 32. Qa8+ Kh7 33. Nd3 Qc7
34. Qf3 Kg8 35. Qa8+ Kh7 36. Qf3 Bf6 37. h4 Qc6 38. Qxc6 Rxc6 39. Kf1 g5 40.
hxg5 hxg5 41. Ke2 Kg6 42. Nc1 b4 43. axb4 axb4 44. cxb4 Rc2+ 45. Ke3 Bxb2 46.
Nd3 f5 47. Rb1 Bc3 48. f4 Rg2 49. Kf3 Rd2 50. Ke3 1/2-1/2

[Event "26. ekipno prvenstvo hrvatske u sahu - "]
[Site "Bjelovar, Krapina, Djurdjevac"]
[Date "2017.04.09"]
[Round "6.52"]
[White "Lasic, Luka"]
[Black "Mulugeta, Danijel"]
[Result "0-1"]
[WhiteElo "2151"]
[BlackElo "2287"]
[PlyCount "98"]
[EventDate "2016.03.26"]

1. Nf3 Nf6 2. c4 b6 3. g3 Bb7 4. Bg2 e6 5. O-O Be7 6. d4 O-O 7. Nc3 Ne4 8. Qc2
Nxc3 9. Qxc3 f5 10. Rd1 Bf6 11. Be3 Qe7 12. Rac1 d6 13. Qd2 Rd8 14. b4 Nd7 15.
Qe1 a5 16. b5 Be4 17. h4 h6 18. Qd2 e5 19. a4 Rac8 20. Qa2 Kh8 21. Qa3 f4 22.
gxf4 Bxf3 23. Bxf3 exd4 24. Bxd4 Bxd4 25. Rxd4 Qxh4 26. Kg2 Rf8 27. Rh1 Qf6 28.
Qa1 Nc5 29. Qd1 Ne6 30. Re4 Nxf4+ 31. Kf1 Nxe2 32. Qxe2 Qxf3 33. Qxf3 Rxf3 34.
Re7 Kg8 35. Ke2 Rf7 36. Rxf7 Kxf7 37. Kd3 Re8 38. f4 Kf6 39. Kd4 Kf5 40. Kd5
Re7 41. Kc6 Kxf4 42. Rf1+ Kg5 43. Rf8 h5 44. Rc8 h4 45. Rxc7 Rxc7+ 46. Kxc7 h3
47. Kxb6 h2 48. Kc7 h1=Q 49. Kxd6 Qd1+ 0-1

[Event "26. ekipno prvenstvo hrvatske u sahu - "]
[Site "Bjelovar, Krapina, Djurdjevac"]
[Date "2017.04.09"]
[Round "6.53"]
[White "Skrbin, Kresimir"]
[Black "Raljic, Mirko"]
[Result "1/2-1/2"]
[WhiteElo "2212"]
[BlackElo "2101"]
[PlyCount "71"]
[EventDate "2016.03.26"]

1. Nf3 Nf6 2. c4 g6 3. b4 a5 4. b5 b6 5. g3 Bb7 6. Bg2 Bg7 7. Bb2 O-O 8. O-O d6
9. d4 Nbd7 10. Nc3 Rb8 11. a4 Ne4 12. Nxe4 Bxe4 13. Rc1 e5 14. e3 Qe7 15. Qb3
Bxf3 16. Bxf3 e4 17. Bg2 Kh8 18. Ba3 Qe6 19. Qc2 Rfe8 20. c5 dxc5 21. dxc5 f5
22. Rfd1 Ne5 23. cxb6 cxb6 24. Rd6 Qf7 25. Bb2 Nd3 26. Bxg7+ Qxg7 27. Rb1 Qe5
28. Rd4 Rbc8 29. Qd2 Qc5 30. Bf1 Red8 31. Rxd8+ Rxd8 32. Bxd3 Rxd3 33. Qb2+ Qc3
34. Qa2 Kg7 35. Qe6 Qc2 36. Qe7+ 1/2-1/2